Music Quiz

Random Music or Song Quiz

Name the Now 75 songs on CD1 Quiz Stats

 Plays Quiz not verified by Sporcle

Challenge
Share
Tweet
Embed
Score 0/22 Timer 10:00
0 Plays Today
% Correct
Bad Romance
83.3%
Pass Out
58.3%
TiK ToK
58.3%
Rude Boy
50%
Starstrukk
41.7%
If We Ever Meet Again
41.7%
In My Head
41.7%
One Time
41.7%
Meet Me Halfway
33.3%
Replay
33.3%
Look For Me
33.3%
% Correct
Dont Stop Believin
33.3%
On A Mission
33.3%
Broken Heels
33.3%
About A Girl
33.3%
Ego
33.3%
Under Pressure
33.3%
Do You Remember
33.3%
Cry Me Out
33.3%
The Climb
33.3%
Everybody Hurts
33.3%
Everybody In Love
25%

You're not logged in!

Compare scores with friends on all Sporcle quizzes.
Join for Free
OR
Log In

You Might Also Like...

Show Comments

Extras

Created Jul 7, 2010ReportFavoriteNominate
Tags:Song Quiz

Top Quizzes Today


Score Distribution

Your Account Isn't Verified!

In order to create a playlist on Sporcle, you need to verify the email address you used during registration. Go to your Sporcle Settings to finish the process.

Report this User

Report this user for behavior that violates our Community Guidelines.

Details: